La agricultura en Colombia / (Registro nro. 15337)
[ vista simple ]
| 000 -LEADER | |
|---|---|
| fixed length control field | 01389nam a22002537a 4500 |
| 003 - CONTROL NUMBER IDENTIFIER | |
| control field | OSt |
| 005 - DATE AND TIME OF LATEST TRANSACTION | |
| control field | 20210311111743.0 |
| 008 - FIXED-LENGTH DATA ELEMENTS--GENERAL INFORMATION | |
| fixed length control field | 210311s2009 ck aodbgr|||| 00| 0 spa d |
| 020 ## - INTERNATIONAL STANDARD BOOK NUMBER | |
| International Standard Book Number | 9789589343111 |
| 040 ## - CATALOGING SOURCE | |
| Original cataloging agency | CO-JMCR |
| Transcribing agency | CO-JMCR |
| 041 0# - LANGUAGE CODE | |
| Language code of text/sound track or separate title | spa |
| 082 04 - DEWEY DECIMAL CLASSIFICATION NUMBER | |
| Classification number | 338.18861 / |
| Item number | Z24a |
| Edition number | 23 |
| 100 1# - MAIN ENTRY--PERSONAL NAME | |
| Personal name | Zambrano Pantoja, Fabio, |
| Relator term | autor |
| 9 (RLIN) | 7 |
| 245 13 - TITLE STATEMENT | |
| Title | La agricultura en Colombia / |
| Statement of responsibility, etc. | investigación y textos, Fabio Zambrano Pantoja |
| 260 ## - PUBLICATION, DISTRIBUTION, ETC. | |
| Place of publication, distribution, etc. | Bogotá : |
| Name of publisher, distributor, etc. | Sociedad de Agricultores de Colombia, |
| Date of publication, distribution, etc. | 2009 |
| 300 ## - PHYSICAL DESCRIPTION | |
| Extent | [238] páginas : |
| Other physical details | ilustraciones, fotografías, gráficas y mapas a color ; |
| Dimensions | 29 cm. |
| 504 ## - BIBLIOGRAPHY, ETC. NOTE | |
| Bibliography, etc. note | Bibliografía: páginas [236-237] |
| 505 0# - FORMATTED CONTENTS NOTE | |
| Formatted contents note | Naturaleza privilegiada -- De la agricultura itinerante a la empresarización -- La Colombia rural del Siglo XXI -- Cultivos transitorios -- Algodón -- Algodón -- Arroz -- Cereales y leguminosas -- Papa -- Hortalizas -- Cultivos permanentes -- Banano de exportación -- Café -- Cacao -- Caña de azúcar -- Caña panelera -- Caucho -- Fique -- Flores -- Frutas -- Palme de aceite -- Sector pecuario -- Leche -- Porcicultura -- 138 años de la SAC -- Los retos del sector agropecuario |
| 610 1# - SUBJECT ADDED ENTRY--CORPORATE NAME | |
| Corporate name or jurisdiction name as entry element | Sociedad de Agricultores de Colombia |
| General subdivision | historia |
| 9 (RLIN) | 35940 |
| 650 14 - SUBJECT ADDED ENTRY--TOPICAL TERM | |
| Topical term or geographic name entry element | Agricultura |
| Geographic subdivision | Colombia |
| 9 (RLIN) | 8037 |
| 650 24 - SUBJECT ADDED ENTRY--TOPICAL TERM | |
| Topical term or geographic name entry element | Cultivos |
| Geographic subdivision | Colombia |
| 9 (RLIN) | 35941 |
| 650 24 - SUBJECT ADDED ENTRY--TOPICAL TERM | |
| Topical term or geographic name entry element | Agricultura |
| Form subdivision | fotografías |
| Geographic subdivision | Colombia |
| 9 (RLIN) | 35942 |
| 942 ## - ADDED ENTRY ELEMENTS (KOHA) | |
| Source of classification or shelving scheme | Dewey Decimal Classification |
| Koha item type | Books |
| Withdrawn status | Lost status | Source of classification or shelving scheme | Damaged status | Not for loan | Collection code | Home library | Current library | Date acquired | Source of acquisition | Total Checkouts | Full call number | Barcode | Date last seen | Copy number | Price effective from | Koha item type |
|---|---|---|---|---|---|---|---|---|---|---|---|---|---|---|---|---|
| Dewey Decimal Classification | Non-fiction | Biblioteca Pública José María del Castillo y Rada | Biblioteca Pública José María del Castillo y Rada | 10/02/2020 | Donación | 338.18861 / Z24a | 201810816 | 05/16/2024 | Ej.1 | 03/11/2021 | Books |